PR-SOF-1370-IDENTIFICATION AND SOLUTIONS OF PROBLEM OCCURING IN TRESTLE ASSEMBLY OF AM -50 VEHICLE (Record no. 578085)
[ view plain ]
| 000 -LEADER | |
|---|---|
| fixed length control field | 00395nam a22001217a 4500 |
| 082 ## - DEWEY DECIMAL CLASSIFICATION NUMBER | |
| Classification number | 220 PRO |
| 100 ## - MAIN ENTRY--PERSONAL NAME | |
| Personal name | AAMIR,AHSEN,CHANGEZ |
| 9 (RLIN) | 71711 |
| 245 ## - TITLE STATEMENT | |
| Title | PR-SOF-1370-IDENTIFICATION AND SOLUTIONS OF PROBLEM OCCURING IN TRESTLE ASSEMBLY OF AM -50 VEHICLE |
| 260 ## - PUBLICATION, DISTRIBUTION, ETC. | |
| Place of publication, distribution, etc. | ISLAMABAD |
| Name of publisher, distributor, etc. | NUST COLLEGE OF EME |
| Date of publication, distribution, etc. | 2014 |
| 650 ## - SUBJECT ADDED ENTRY--TOPICAL TERM | |
| Topical term or geographic name entry element | DE-MECH-32 |
| 9 (RLIN) | 71712 |
| 700 ## - ADDED ENTRY--PERSONAL NAME | |
| Personal name | DR KHALID,RAJA AAMER AZEEM |
| 9 (RLIN) | 71713 |
| 942 ## - ADDED ENTRY ELEMENTS (KOHA) | |
| Koha item type | Continuing Resources |
| Withdrawn status | Lost status | Damaged status | Not for loan | Permanent Location | Current Location | Shelving location | Date acquired | Total Checkouts | Full call number | Barcode | Date last seen | Price effective from | Koha item type |
|---|---|---|---|---|---|---|---|---|---|---|---|---|---|
| College of Electrical & Mechanical Engineering (CEME) | College of Electrical & Mechanical Engineering (CEME) | Reference | 12/06/2019 | 220 PRO | PR-SOF-1370 | 06/28/2021 | 06/28/2021 | Continuing Resources |
